Les plus grandes villes du Maroc - Statistiques

Statistiques générales
  • Ce quiz a été pris 1 508 fois
  • Le résultat moyen est 9 sur 15
Statistiques - réponses
Population Villes % Correct
3 359 000 Casablanca
98%
620 000 Rabat
97%
928 850 Marrakech
91%
1 112 000 Fès
88%
974 000 Tanger
88%
570 000 Agadir
78%
632 000 Meknes
68%
549 280 Oujda
63%
470 539 Tétouan
53%
1 296 000 Salé
48%
418 222 Kénitra
41%
565 000 Nador
38%
440 798 Safi
32%
389 248 Beni Mellal
19%
574 543 Témara
17%
Aucun quiz correspondant
Distribution des résultats
% des personnes avec chaque résultat
Percentile par nombre de réponses
Votre historique - résultats
Vous n’avez pas pris ce quiz